| 000 | 00315nam a2200109 4500 | ||
|---|---|---|---|
| 999 |
_c15239 _d15239 |
||
| 008 | 200306b ||||| |||| 00| 0 eng d | ||
| 245 | _aDOH out to restore confidence in vaccines. | ||
| 260 |
_aPhilippines; _bManila Bulletin, _c©2019. |
||
| 300 |
_apage 10; _c29.5cm. |
||
| 650 |
_aVaccines. _942035 |
||
| 942 |
_2ddc _cPER |
||